000 00512 a2200157 4500
999 _c4318
_d4318
020 _a9780043700778
050 0 0 _aLB 2381 DOR 1976
100 1 _aDore, Ronald,
_d1925-2018.
_eAuthor
245 1 4 _aThe diploma disease :
_beducation, qualification and development /
_cRonald Dore.
264 _aLos Angles:
_bUniversity of California Press,
_c1976
300 _aiii-xv, 214 p. ;
500 _aIncludes index.
504 _aBibliography: p. 199-205.
650 0 _aDegrees, Academic.
942 _2lcc
_cBK
_h2381
_iDOR
_k1976